Die Welle; (Record no. 4610)

MARC details
000 -LEADER
fixed length control field 00526cam a22002051 4500
001 - CONTROL NUMBER
control field af 48001596
003 - CONTROL NUMBER IDENTIFIER
control field DLC
005 - DATE AND TIME OF LATEST TRANSACTION
control field 20260227110850.0
008 - FIXED-LENGTH DATA ELEMENTS--GENERAL INFORMATION
fixed length control field 851012s1942 gw 000 0 ger c
010 ## - LIBRARY OF CONGRESS CONTROL NUMBER
LC control number af 48001596
035 ## - SYSTEM CONTROL NUMBER
System control number (OCoLC)12670363
040 ## - CATALOGING SOURCE
Original cataloging agency Yale Univ. Library
Transcribing agency TxHR
Modifying agency DLC
042 ## - AUTHENTICATION CODE
Authentication code premarc
050 00 - LIBRARY OF CONGRESS CALL NUMBER
Classification number PT2617.O29
Item number W4
082 ## - DEWEY DECIMAL CLASSIFICATION NUMBER
Classification number 831.91
100 1# - MAIN ENTRY--PERSONAL NAME
Personal name Hoerner, Herbert von,
Dates associated with a name 1884-
245 14 - TITLE STATEMENT
Title Die Welle;
Remainder of title Gedichte.
260 ## - PUBLICATION, DISTRIBUTION, ETC.
Place of publication, distribution, etc. Stuttgart,
Name of publisher, distributor, etc. Engelhornverlag
Date of publication, distribution, etc. [1942]
300 ## - PHYSICAL DESCRIPTION
Extent 34 p.
Dimensions 21 cm.

No items available.

Powered by Koha